00608nam a2200193Ia 4500003000900000008004100009020001800050040001600068080001500084100002100099245010900120260003400229300001700263490005800280650001700338650002000355650001600375650002300391IN-BaIIA211028s9999 xx 000 0 eng d a1-85233-713-3 cIIA Library a524.8bHAR aHarland, David M 4aThe big bangba view from the 21st centurycDavid M. Harland  aLondonbSpringer-Verlagc2003 axviii, 262p. aSpringer-Praxis books in astronomy and space sciences aAstrophysics aBig Bang theory aBlack holes aExpanding universe